000 00670nam a2200229Ia 4500
003 OSt
005 20220918230728.0
006 a|||||r|||| 00| 0
007 ta
008 220917b |||||||| |||| 00| 0 eng d
024 _a257,755
037 _cTextual
040 _aARTS
_cARTS
_beng
041 _2eng
_aeng
082 _aXM:8.68, L3
100 _aHyden Goran
_9121787
245 0 _aEfficiency versus distribution in east African cooperatives
_b study in organizational conflicts
260 _aNairobi
_bEast African Literature Bureau
_c1973
650 _aECONOMICS
942 _hXM:8.68, L3
_cTEXL
_2CC
999 _c288793
_d288793